Sports Quiz

Random Sports or MLB Quiz

Pitchers that Ichiro has 10+ hits off of Quiz Stats

 Plays Quiz not verified by Sporcle

Challenge
Share
Tweet
Embed
Score 0/44 Timer 12:00
0 Plays Today
Hits Pitcher % Correct
21CC Sabathia
76.1%
26Barry Zito
71.8%
22Ervin Santana
69.7%
13Johan Santana
69.7%
27John Lackey
68.8%
14Tim Hudson
68.4%
10Jason Johnson
66.2%
17Mark Mulder
65.8%
13Cliff Lee
64.5%
13Jered Weaver
62%
16Andy Pettitte
59.4%
15Mike Mussina
56%
11Roy Halladay
56%
15Justin Verlander
53.4%
20Mark Buehrle
53%
21Bartolo Colon
46.6%
31Kevin Millwood
43.6%
13Dan Haren
40.6%
13Kenny Rogers
37.6%
10Freddy Garcia
34.6%
17Jarrod Washburn
30.3%
14Jeremy Bonderman
29.9%
Hits Pitcher % Correct
14Brad Radke
27.8%
11Gil Meche
26.5%
10Javier Vazquez
25.6%
18Jon Garland
24.4%
18Joe Blanton
21.4%
13Joe Saunders
20.1%
11Nate Robertson
20.1%
21Vicente Padilla
15.4%
12Chan Ho Park
15.4%
12Sidney Ponson
15%
14Colby Lewis
14.5%
16Kelvim Escobar
14.1%
13Ramon Ortiz
14.1%
12Aaron Sele
13.7%
12Daniel Cabrera
12.8%
12Esteban Loaiza
12.4%
11Ted Lilly
12.4%
12Paul Byrd
6%
10Justin Duchscherer
5.6%
13Mark Redman
3.8%
12Kevin Gregg
3%
10Ryan Drese
1.7%

You're not logged in!

Compare scores with friends on all Sporcle quizzes.
OR
Log In

You Might Also Like...

Show Comments

Extras

Top Quizzes Today


Score Distribution

Your Account Isn't Verified!

In order to create a playlist on Sporcle, you need to verify the email address you used during registration. Go to your Sporcle Settings to finish the process.

Report this User

Report this user for behavior that violates our Community Guidelines.

Details: